ˆ[‰Указатель иностранных периодических изданий, выписанных ИНИОН АН СССР и его отделениями... (Запись № 5438156)

Подробности
000 -МАРКЕР
контрольное поле 01859nam1a2200325 4500
001 - ИДЕНТИФИКАТОР ЗАПИСИ
контрольное поле rc\469757
005 - ИДЕНТИФИКАТОР ВЕРСИИ
контрольное поле 20260407072003.0
035 ## - ДРУГИЕ СИСТЕМНЫЕ НОМЕРА
Идентификатор записи (NLR Aleph) 005816731
100 ## - ДАННЫЕ ОБЩЕЙ ОБРАБОТКИ
Данные общей обработки 20260119 rusy50
101 0# - ЯЗЫК РЕСУРСА
Язык текста, звукозаписи и т.д. русский
102 ## - СТРАНА ПУБЛИКАЦИИ ИЛИ ПРОИЗВОДСТВА
Страна публикации Российская Федерация
105 ## - ПОЛЕ КОДИРОВАННЫХ ДАННЫХ: ТЕКСТОВЫЕ МАТЕРИАЛЫ, МОНОГРАФИЧЕСКИЕ
Кодированные данные о монографическом текстовом документе y |||||||||
200 1# - ЗАГЛАВИЕ И СВЕДЕНИЯ ОБ ОТВЕТСТВЕННОСТИ
Основное заглавие ˆ[‰Указатель иностранных периодических изданий, выписанных ИНИОН АН СССР и его отделениями...
Первые сведения об ответственности Отд. комплектования науч. фондов, Сектор комплектования иностр. лит.]
210 ## - ПУБЛИКАЦИЯ, РАСПРОСТРАНЕНИЕ И ДР.
Место издания, распространения и т.д. М.
Имя издателя, распространителя и т. д. ИНИОН
Дата издания, распространения и т.д. 1980-
215 ## - ФИЗИЧЕСКАЯ ХАРАКТЕРИСТИКА
Размеры 27
300 ## - ОБЩИЕ ПРИМЕЧАНИЯ
Текст примечания Общ. загл. вып. за 1985, 1987 гг.: Указатель иностранных периодических изданий, выписанных ИНИОН АН СССР и его отделами в институтах Секции общественных наук АН СССР...
309 ## - ПРИМЕЧАНИЯ ОБ ОСНОВНОМ ИСТОЧНИКЕ ИНФОРМАЦИИ И ОБ ОСОБЕННОСТЯХ ПОЛИГРАФИЧЕСКОГО ОФОРМЛЕНИЯ ИЗДАНИЯ
Текст примечания Напеч. на пиш. маш. Литогр.
601 02 - НАИМЕНОВАНИЕ ОРГАНИЗАЦИИ КАК ПРЕДМЕТ
Начальный элемент ввода "Международная книга", всесоюзное объединение
Формальный подзаголовок Издательские и книготорговые каталоги
Системный номер авторитетной/нормативной записи 2365011
Идентификатор авторитетной/нормативной записи RU\NLR\AUTH\6601634141
606 1# - НАИМЕНОВАНИЕ ТЕМЫ КАК ПРЕДМЕТ
Наименование темы Иностранные периодические издания
Тематический подзаголовок Издательские и книготорговые каталоги
Географический подзаголовок СССР
Системный номер авторитетной/нормативной записи 1733145
Идентификатор авторитетной/нормативной записи RU\NLR\AUTH\66774830
686 1# - ИНДЕКСЫ ДРУГИХ КЛАССИФИКАЦИЙ
Индекс Я171(0)
686 1# - ИНДЕКСЫ ДРУГИХ КЛАССИФИКАЦИЙ
Индекс Ч618.14(2)211я182
710 02 - НАИМЕНОВАНИЕ ОРГАНИЗАЦИИ - ПЕРВИЧНАЯ ОТВЕТСТВЕННОСТЬ
Начальный элемент ввода Институт научной информации по общественным наукам
Идентифицирующий признак Москва
Системный номер авторитетной/нормативной записи 272425
Идентификатор авторитетной/нормативной записи RU\NLR\AUTH\88992
801 #0 - ИСТОЧНИК ЗАПИСИ
Страна Российская Федерация
Организация NLR
Правила каталогизации psbo
801 #1 - ИСТОЧНИК ЗАПИСИ
Страна Российская Федерация
Организация ELAR
Источник данных rusmarc
852 ## - МЕСТОНАХОЖДЕНИЕ И ШИФР ХРАНЕНИЯ
Идентификатор организации NLR
Наименование фонда или коллекции (Sub-Location Identifier) С
Шифр хранения (Call Number) К-4/31
942 ## - ДОПОЛНИТЕЛЬНЫЕ ЭЛЕМЕНТЫ ЗАПИСИ (АБИС)
Тип экземпляра АБИС Книга
980 ## - КОЛЛЕКЦИЯ
Название коллекции Национальная библиография

Нет доступных экземпляров.